| 000 | 01199nam a22002537a 4500 | ||
|---|---|---|---|
| 003 | NALT | ||
| 005 | 20240629181222.0 | ||
| 008 | 240224b th ||||| |||| 00| 0 tha d | ||
| 020 | _a9789744499271 | ||
| 040 | _aNALT | ||
| 041 | _atha | ||
| 050 |
_aJS 7404.1 _bพ343ส 2559 |
||
| 110 | 2 |
_92339 _aสถาบันพระปกเกล้า |
|
| 245 | 1 | 0 |
_a3Ds in action ไม่ใช่ฝันแต่ทำได้จริง / _cสถาบันพระปกเกล้า ; คณะผู้จัดทำ อรทัย ก๊กผล ... [และคนอื่น ๆ]. |
| 250 | _aพิมพ์ครั้งที่ 1. | ||
| 260 |
_aกรุงเทพฯ : _bสถาบันพระปกเกล้า, _c2559. |
||
| 300 |
_a171 หน้า : _bภาพประกอบ ; _c24 ซม. |
||
| 650 | 4 |
_941227 _aการกระจายอำนาจปกครอง _xรวมเรื่อง |
|
| 650 | 4 |
_941228 _aการปกครองท้องถิ่น _xรวมเรื่อง |
|
| 700 | 0 |
_aอรทัย ก๊กผล. _95885 |
|
| 850 | _aNALT | ||
| 942 |
_2lcc _cGB |
||
| 996 |
_akornsiririn.r _bCATSTF _c2024-02-24 |
||
| 999 |
_c104711 _d104711 |
||
| 998 |
_j3099 _k พรวิทู โค้วคชาภรณ์ |
||